| 000 | 02610cam a22007214i 4500 | ||
|---|---|---|---|
| 003 | PE-LiUPU | ||
| 005 | 20250731170419.0 | ||
| 008 | 171025s2015 mx a rb 001 0 spa d | ||
| 020 | _a6074485151 | ||
| 020 | _a9786074485158 | ||
| 035 | _a(Sirsi) a239898 | ||
| 040 |
_aPE-LiUPU _bspa _cPE-LiUPU _erda |
||
| 049 | _aPRUA | ||
| 082 | 0 | 4 |
_a158.240972 _bC7 _221 |
| 245 | 0 | 0 |
_aContinuidad y cambio en la familia : _bfactores intervinientes / _cMirna García Méndez, Sofía Rivera Aragón, Rolando Díaz Loving, Isabel Reyes-Lagunes. |
| 250 | _a1a edicón. | ||
| 264 | 1 |
_aMéxico : _bManual moderno, _c2015. |
|
| 300 |
_a179 páginas : _bilustraciones ; _c23 centímetros |
||
| 336 |
_atext _2rdacontent |
||
| 337 |
_aunmediated _2rdamedia |
||
| 338 |
_avolume _2rdacarrier |
||
| 504 | _aBibliografía : páginas 149-173. | ||
| 504 | _aIndice : páginas 175-179. | ||
| 505 | 0 | _aFamilia en el tiempo: antecedentes y estado actual -- Conflicto en la relación de pareja -- Enfrentamiento y los patrones de interacción en la vida familiar -- Poder en las relaciones interpersonales -- Efectos de la depresión en las relaciones de pareja y familia. | |
| 526 | _aSEG68 | ||
| 526 | _aSEG70 | ||
| 526 | _aSEG69 | ||
| 526 | _aSEG67 | ||
| 526 | _aSEG43 | ||
| 526 | _aP144 | ||
| 526 | _aP143 | ||
| 526 | _aP131 | ||
| 526 | _aP122 | ||
| 526 | _aP120 | ||
| 526 | _aP117 | ||
| 526 | _aP112 | ||
| 526 | _aP110 | ||
| 526 | _aP106 | ||
| 526 | _aP101 | ||
| 526 | _aP80 | ||
| 526 | _aP59 | ||
| 526 | _aP54 | ||
| 526 | _aP35 | ||
| 526 | _aP33 | ||
| 526 | _aP30 | ||
| 526 | 8 |
_iPrograma academico : _5PE-LiUPU |
|
| 541 | _g0001-0042199 | ||
| 650 | 0 | 4 | _aPsicología aplicada. |
| 650 | 0 | 4 |
_aFamilias _xAspectos psicológicos. |
| 650 | 0 | 4 | _aRelaciones humanas. |
| 650 | 0 | 4 | _aApplied psychology. |
| 650 | 0 | 4 |
_aFamilies _xPsychological Aspects. |
| 650 | 0 | 4 | _aHuman relations. |
| 700 | 1 |
_aRivera Aragón, Sofía, _eeditor. |
|
| 700 | 1 |
_aDiaz-Loving, Rolando, _eeditor. |
|
| 700 | 1 | _aReyes-Lagunes,Isabel. | |
| 910 |
_adbm _bncf _cncf _d20171025 |
||
| 942 |
_2ddc _cBOOK |
||
| 994 |
_aC0 _bPEPRU |
||
| 596 | _a1 | ||
| 999 |
_a158.240972 C7 _wDEWEY _c25561 _i76903 _f2021-11-3 _g4 _lCCODEBUL1 _mBUL _p18.24 _r0 _sY _tBOOK _u2017-10-25 _xSALUD _PP33 _0COMPRA _o.STAFF. Colección Ciencias de la Salud _d25561 |
||
| 999 |
_a158.240972 C7 _wDEWEY _c2 _i76904 _f2021-11-3 _g4 _lCCODEBUL1 _mBUL _p18.24 _r0 _sY _tBOOK _u2017-10-25 _xSALUD _PP33 _0COMPRA _o.STAFF. Colección Ciencias de la Salud |
||
| 980 |
_81 _gALBERTO SANCHEZ Responsable de Automatización |
||